<?xml version="1.0" encoding="UTF-8"?><?xml-stylesheet type="text/xsl" href="static/style.xsl"?><OAI-PMH xmlns="http://www.openarchives.org/OAI/2.0/" xmlns:xsi="http://www.w3.org/2001/XMLSchema-instance" xsi:schemaLocation="http://www.openarchives.org/OAI/2.0/ http://www.openarchives.org/OAI/2.0/OAI-PMH.xsd"><responseDate>2026-04-18T06:07:49Z</responseDate><request verb="GetRecord" identifier="oai:www.recercat.cat:10256/18890" metadataPrefix="marc">https://recercat.cat/oai/request</request><GetRecord><record><header><identifier>oai:recercat.cat:10256/18890</identifier><datestamp>2024-06-18T11:53:59Z</datestamp><setSpec>com_2072_452955</setSpec><setSpec>com_2072_2054</setSpec><setSpec>col_2072_453077</setSpec></header><metadata><record xmlns="http://www.loc.gov/MARC21/slim" xmlns:dcterms="http://purl.org/dc/terms/" xmlns:xsi="http://www.w3.org/2001/XMLSchema-instance" xmlns:doc="http://www.lyncode.com/xoai" xsi:schemaLocation="http://www.loc.gov/MARC21/slim http://www.loc.gov/standards/marcxml/schema/MARC21slim.xsd">
   <leader>00925njm 22002777a 4500</leader>
   <datafield ind2=" " ind1=" " tag="042">
      <subfield code="a">dc</subfield>
   </datafield>
   <datafield ind2=" " ind1=" " tag="720">
      <subfield code="a">Serra  Compte, Albert</subfield>
      <subfield code="e">author</subfield>
   </datafield>
   <datafield ind2=" " ind1=" " tag="720">
      <subfield code="a">Pikkemaat, Mariël G.</subfield>
      <subfield code="e">author</subfield>
   </datafield>
   <datafield ind2=" " ind1=" " tag="720">
      <subfield code="a">Elferink, Alexander</subfield>
      <subfield code="e">author</subfield>
   </datafield>
   <datafield ind2=" " ind1=" " tag="720">
      <subfield code="a">Almeida Real, David</subfield>
      <subfield code="e">author</subfield>
   </datafield>
   <datafield ind2=" " ind1=" " tag="720">
      <subfield code="a">Diogène, Jorge</subfield>
      <subfield code="e">author</subfield>
   </datafield>
   <datafield ind2=" " ind1=" " tag="720">
      <subfield code="a">Campillo, Juan Antonio</subfield>
      <subfield code="e">author</subfield>
   </datafield>
   <datafield ind2=" " ind1=" " tag="720">
      <subfield code="a">Llorca, Marta</subfield>
      <subfield code="e">author</subfield>
   </datafield>
   <datafield ind2=" " ind1=" " tag="720">
      <subfield code="a">Álvarez Muñoz, Diana</subfield>
      <subfield code="e">author</subfield>
   </datafield>
   <datafield ind2=" " ind1=" " tag="720">
      <subfield code="a">Barceló i Cullerés, Damià</subfield>
      <subfield code="e">author</subfield>
   </datafield>
   <datafield ind2=" " ind1=" " tag="720">
      <subfield code="a">Rodríguez Mozaz, Sara</subfield>
      <subfield code="e">author</subfield>
   </datafield>
   <datafield ind2=" " ind1=" " tag="260">
      <subfield code="c">info:eu-repo/date/embargoEnd/2022-12-15</subfield>
   </datafield>
   <datafield ind2=" " ind1=" " tag="260">
      <subfield code="c">2020-12-15</subfield>
   </datafield>
   <datafield ind2=" " ind1=" " tag="520">
      <subfield code="a">Two different methodologies were combined to evaluate the risks that antibiotics can pose in the environment; i) an effect-based methodology based on microbial growth inhibition and ii) an analytical method based on liquid-chromatography coupled to mass spectrometry (LC-MS). The first approach was adapted and validated for the screening of four antibiotic families, specifically macrolides/β-lactams, quinolones, sulfonamides and tetracyclines. The LC-MS method was applied for the identification and quantification of target antibiotics; then, the obtained results were combined with ecotoxicological data from literature to determine the environmental risk. The two methodologies were used for the analysis of antibiotics in water samples (wastewater, river water and seawater) and biofluids (fish plasma and mollusk hemolymph) in two monitoring campaigns undertaken in the Ebro Delta and Mar Menor Lagoon (both in the Mediterranean coast of Spain). Both approaches highlighted macrolides (azithromycin) and quinolones (ciprofloxacin and ofloxacin) as the main antibiotics in wastewater treatment plant (WWTP) effluents with potential risk for the environment. However, no risk for the aquatic life was identified in the river, lagoon and seawater as antibiotic levels were much lower than those in WWTP effluents. Fish from Ebro River were the organisms presenting the highest antibiotic concentration when compared with bivalves (mussels) from the Mediterranean Sea and gastropods (marine snails) from the Mar Menor Lagoon. The effect-based methodology successfully determined antibiotic risk in wastewater, but its applicability was less clear in environmental waters such as seawater, due to its high detection limits. Improving sample preconcentration could increase the method sensibility. Overall, combination of both methodologies provides comprehensive insights in antibiotic occurrence and risk associated in areas under study</subfield>
   </datafield>
   <datafield ind2=" " ind1=" " tag="520">
      <subfield code="a">This work has received funding from the Spanish Ministry of Economy and Competitiveness through the PLAS-MED (CTM2017-89701-C3-2-R) project. Authors acknowledge the support from the Economy and Knowledge Department of the Catalan Government through Consolidated Research Group (ICRA-ENV 2017 SGR 1124 and 2017-SGR-1404-Water and Soil Quality Unit). The authors acknowledge the IEO &amp; CSIC  staff  for  their  help  in  the  sampling  campaigns.  Albert Serra-Compte  acknowledges  the  FI-DGR research fellowship from the Catalan Government (2018FI_B2_00170) and the Nereus Cost Action grant. Sara Rodriguez-Mozaz acknowledges the Ramon y Cajal program (RYC-2014-16707) and Diana  Álvarez- Muñoz the support of the project XENOMETABOLOMIC (CTM2015-73179-JIN) (AEI/FEDER/UE). Authors kindly acknowledge Generalitat DGPAM (Fisheries Department). The authors also acknowledge support from CERCA Programme/Generalitat de Catalunya</subfield>
   </datafield>
   <datafield ind1="8" ind2=" " tag="024">
      <subfield code="a">http://hdl.handle.net/10256/18890</subfield>
   </datafield>
   <datafield tag="653" ind2=" " ind1=" ">
      <subfield code="a">Ecotoxicologia</subfield>
   </datafield>
   <datafield tag="653" ind2=" " ind1=" ">
      <subfield code="a">Environmental toxicology</subfield>
   </datafield>
   <datafield tag="653" ind2=" " ind1=" ">
      <subfield code="a">Contaminants emergents en l'aigua</subfield>
   </datafield>
   <datafield tag="653" ind2=" " ind1=" ">
      <subfield code="a">Emerging contaminants in water</subfield>
   </datafield>
   <datafield tag="653" ind2=" " ind1=" ">
      <subfield code="a">Cromatografia</subfield>
   </datafield>
   <datafield tag="653" ind2=" " ind1=" ">
      <subfield code="a">Chromatographic analysis</subfield>
   </datafield>
   <datafield tag="653" ind2=" " ind1=" ">
      <subfield code="a">Medicaments -- Aspectes ambientals</subfield>
   </datafield>
   <datafield tag="653" ind2=" " ind1=" ">
      <subfield code="a">Drugs -- Environmental aspects</subfield>
   </datafield>
   <datafield tag="653" ind2=" " ind1=" ">
      <subfield code="a">Aigua -- Contaminació</subfield>
   </datafield>
   <datafield tag="653" ind2=" " ind1=" ">
      <subfield code="a">Water -- Pollution</subfield>
   </datafield>
   <datafield ind2="0" ind1="0" tag="245">
      <subfield code="a">Combining an effect-based methodology with chemical analysis for antibiotics determination in wastewater and receiving freshwater and marine environment</subfield>
   </datafield>
</record></metadata></record></GetRecord></OAI-PMH>